000 00582nam a22002177a 4500
003 OSt
005 20150901144255.0
008 150901b xxu||||| |||| 00| 0 eng d
020 _a9780443068041
040 _cDNLM
082 _aQV4 G854t 2009
100 _aGreenstein, Ben
_9427
245 _aTrounce's clinical pharmacology for nurses
250 _a18th ed.
260 _aEdinburgh;
_bElsevier,
_c2009
300 _axxvi,483p;
_bcol.ill:
_c25cm
504 _aReferences, & index included
650 _aPharmacology
_9357
700 _aGould, Dinah
_95632
942 _2z
_cO_SHELF
999 _c2206
_d2206